Actualidad societaria (Registro nro. 27618)

Detalles MARC
000 -LEADER
fixed length control field 00315 a2200109 4500
001 - CONTROL NUMBER
control field ART_18795
005 - DATE AND TIME OF LATEST TRANSACTION
control field 20260410161920.0
008 - FIXED-LENGTH DATA ELEMENTS--GENERAL INFORMATION
fixed length control field 260409a
100 1# - MAIN ENTRY--PERSONAL NAME
Personal name Mascheroni, Fernando H.
245 10 - TITLE STATEMENT
Title Actualidad societaria
773 0# - HOST ITEM ENTRY
Title La información
Related parts - Tomo XXXVII, Nº 581 (mayo 1978)
Record control number REV14902

No hay ítems disponibles.